Statistics for Top 10 Non-English Languages Spoken in New Jersey

Click here to take the quiz!

General Stats

  • This quiz has been taken 474 times
  • The average score is 7 of 10

Answer Stats

HintAnswer% Correct
1Spanish
99%
5Italian
91%
2Chinese
89%
3Portuguese
79%
10Arabic
78%
9Hindi
75%
6Korean
75%
8Polish
66%
4Tagalog
50%
7Gujarati
21%

Score Distribution

Percentile by Number Answered

Percent of People with Each Score

Your Score History

You have not taken this quiz